Mission Impossible : III (Record no. 25163)

MARC details
000 -LEADER
fixed length control field 02375ngm a2200445 4500
003 - CONTROL NUMBER IDENTIFIER
control field dpl
005 - DATE AND TIME OF LATEST TRANSACTION
control field 2009031308538.0
007 - PHYSICAL DESCRIPTION FIXED FIELD--GENERAL INFORMATION
fixed length control field DVD
008 - FIXED-LENGTH DATA ELEMENTS--GENERAL INFORMATION
fixed length control field ||||||sp199 xxu|||||c|||| 00| 0 eng d
010 ## - LIBRARY OF CONGRESS CONTROL NUMBER
LC control number DVD-001749-1751 & DVD-005434-5435
024 ## - OTHER STANDARD IDENTIFIER
Terms of availability 299.00 , 499.00 (Revised Price)
Standard number or code VPA030
035 ## - SYSTEM CONTROL NUMBER
System control number DVD-001749-1751
035 ## - SYSTEM CONTROL NUMBER
System control number DVD-005434-5435
040 ## - CATALOGING SOURCE
Original cataloging agency DPL
Transcribing agency DPL
082 ## - DEWEY DECIMAL CLASSIFICATION NUMBER
Classification number DVD / MISS
245 ## - TITLE STATEMENT
Title Mission Impossible : III
Statement of responsibility, etc Paramount Picture Presents
Medium [videorecording] DVD/
250 ## - EDITION STATEMENT
Edition statement 2 Disc Collectors Edition
260 ## - PUBLICATION, DISTRIBUTION, ETC. (IMPRINT)
Name of publisher, distributor, etc Sa Re Ga Ma Home Video
300 ## - PHYSICAL DESCRIPTION
Extent 2 videodisc VCD;
Other physical details sd., col. ;
Dimensions 4 3/4 in.
Type of unit VCD
440 ## - SERIES STATEMENT/ADDED ENTRY--TITLE
Title Sa Re Ga Ma Home Video
500 ## - GENERAL NOTE
General note This DVD is Copy Protected
500 ## - GENERAL NOTE
General note "The Best Mission Impossible Yet"
500 ## - GENERAL NOTE
General note Smartly Paced Suspense
538 ## - SYSTEM DETAILS NOTE
Display text Language: Dolby Digital 5.1-English, Crech, Hungarian Subtitles: English, German, Slovenian, Icelandic, Greek
538 ## - SYSTEM DETAILS NOTE
System details note Aspect Ratio: 2.35:1, Presentation type: Wide Screen Presentation Size 16x9
650 ## - SUBJECT ADDED ENTRY--TOPICAL TERM
Topical term or geographic name as entry element Motion Picture
700 ## - ADDED ENTRY--PERSONAL NAME
Personal name Lyons, Jeffrey
700 ## - ADDED ENTRY--PERSONAL NAME
Personal name Cruise, Tom
700 ## - ADDED ENTRY--PERSONAL NAME
Personal name Rhames, Ving
700 ## - ADDED ENTRY--PERSONAL NAME
Personal name Crudup, Billy
700 ## - ADDED ENTRY--PERSONAL NAME
Personal name Bramson, Danny
942 ## - ADDED ENTRY ELEMENTS (KOHA)
Koha item type CD-ROMs, DVDs, VHS
Source of classification or shelving scheme Dewey Decimal Classification
Classification part DVD
Call number suffix MISS
Holdings
Withdrawn status Lost status Source of classification or shelving scheme Damaged status Not for loan Home library Current library Date acquired Source of acquisition Cost, normal purchase price Total Checkouts Full call number Barcode Date last seen Date checked out Copy number Cost, replacement price Price effective from Koha item type Total Renewals
    Dewey Decimal Classification     Central Library Central Library 13/03/2009 Purchase 299.00 37 DVD MISS DVD-001749 16/04/2014 31/03/2014 1 299.00 13/03/2009 CD-ROMs, DVDs, VHS  
    Dewey Decimal Classification     Janak Puri Janak Puri 17/12/2009 Pioneers/885/29-10-09/325/13-10-09 /06-11-09 49.00 13 DVD MISS DVD-005434 23/03/2013 22/03/2013 1 499.00 17/12/2009 CD-ROMs, DVDs, VHS  
    Dewey Decimal Classification     Patel Nagar Patel Nagar 13/03/2009 Purchase 299.00 45 DVD MISS DVD-001751 24/10/2019 26/02/2014 1 299.00 13/03/2009 CD-ROMs, DVDs, VHS 1
    Dewey Decimal Classification     R.K.Puram-8 R.K.Puram-8 17/12/2009 Pioneers/885/29-10-09/325/13-10-09 /06-11-09 49.00 10 DVD MISS DVD-005435 31/05/2013 18/05/2013 1 499.00 17/12/2009 CD-ROMs, DVDs, VHS 1
    Dewey Decimal Classification     Sarojini Nagar Sarojini Nagar 13/03/2009 Purchase 299.00 36 DVD MISS DVD-001750 25/03/2015 19/03/2015 1 299.00 13/03/2009 CD-ROMs, DVDs, VHS 1

© Delhi Public Library
Hit Counter
free hit counter